Una mirada a la academia y la investigación en ambientes virtuales: sus características basadas en el uso de las tecnologías de la información y la comunicación (TIC) (Registro nro. 62568)
[ vista simple ]
| 000 -LÍDER | |
|---|---|
| Campo fijo de descripción fija | 008210000a22001210004500 |
| 100 1# - ASIENTO PRINCIPAL--NOMBRE PERSONAL | |
| Nombre personal | Castillo Villabona, Lyda Patricia |
| 245 10 - TÍTULO | |
| Título del Material | Una mirada a la academia y la investigación en ambientes virtuales: sus características basadas en el uso de las tecnologías de la información y la comunicación (TIC) |
| 300 ## - DESCRIPCIÓN FÍSICA | |
| Extensión | Vol.0, núm.2 ( , 2005), Páginas 34-41 |
| 650 14 - ASIENTO SECUNDARIO DE MATERIA - TERMINO TEMÁTICO | |
| Término temático o nombre geográfico como elemento de entrada | EDUCACIÓN VIRTUAL |
| 773 0# - HOST ITEM ENTRY | |
| Title | Perfiles: revista de la comunidad académica UDES |
| 942 ## - TIPO DE MATERIAL (KOHA) | |
| Tipo de Item KOHA | Artículos de Revista |
| Estado de Material | Estado de Perdido | Estado de Dañado | No para Préstamo | Colección | Biblioteca de Origen | Biblioteca Permanente | Fecha de Adquisición | Total de Préstamos | Signatura Topográfica | Última vez visto | Fecha de Remplazo | Tipo de Material |
|---|---|---|---|---|---|---|---|---|---|---|---|---|
| Colección de Hemeroteca | Biblioteca FUSBC | Biblioteca FUSBC | 26/01/2016 | 26/01/2016 | 26/01/2016 | Artículos de Revista |
